000 01419nam a2200301Ia 4500
999 _c5794
_d5794
003 OSt
005 20200702174656.0
008 191128s2010 ck fr 000 0 spa d
020 _a9789587380828
040 _aCO-JMCR
_cCO-JMCR
041 0 _aspa
082 0 4 _a336.205098 /
_bS161m
_223
100 1 _aSalcedo Younes, Ruth Yamile,
_ecompiladora
_96552
245 1 0 _aModelo de código tributario para América Latina :
_btendencias actuales de tributación /
_cRuth Yamile Salcedo Younes, Lucy Cruz Quiñones y Juan Rafael Bravo Arteaga [y otros 19]
250 _aPrimera edición
260 _aBogotá :
_bUniversidad del Rosario,
_c2010
300 _a548 páginas ;
_c25 cm.
490 0 _aColección de textos de jurisprudencia
504 _aBibliografía: página0 538
505 0 _aLa codificación tributaria -- El modelo de código tributario -- La codificación tributaria y el modelo de código tributario para América Latina (OEA-BID), de 1967- comentarios sobre génesis y sobre los efectos de la ley tributaria en el tiempo
650 1 4 _aDerecho tributario
_zAmérica Latina
_96553
650 1 4 _aImpuestos
_zAmérica Latina
_96554
650 1 4 _aReforma tributaria
_zAmérica Latina
_96555
650 1 4 _aDerecho fiscal
_xlegislación
_zAmérica Latina
_96556
700 1 _aCruz de Quiñones, Lucy,
_ecompiladora
_96557
700 1 _aBravo Arteaga, Juan Rafael,
_ecompilador
_96558
942 _2ddc
_cBK